| 000 | 00389nam a2200145Ia 4500 | ||
|---|---|---|---|
| 008 | 240624s9999 xx 000 0 und d | ||
| 041 | _aeng | ||
| 082 | _a658 LUS | ||
| 100 | _aLUSSIER ROBERT N | ||
| 245 | _aMANAGEMENT FUNDAMENTALS CONCEPTS APPLICATION | ||
| 250 | _a(5th ed.) | ||
| 260 |
_c2013 _aNew Delhi _bCengage Learning |
||
| 300 | _axxv, : 579 : p. : cm. ; 26 | ||
| 365 |
_cRS _b31 |
||
| 999 |
_c25156 _d25156 |
||